00345nam a2200109Ia 4500008004100000041000800041100001500049245002400064260003100088999001900119952009700138231212s2000 xx 000 0 und d aeng aSedha R.S. aApplied Electronics aNew DelhibJohn Wilyc2000 c966902d966902 00104070aITMbITMd2023-12-15g284.00l0pITM-P-9713r2023-12-15 00:00:00w2023-12-15yBK